000 00466nam a22001457a 4500
020 _a9788170358022
082 _a635.8
_bVER/MU
100 _aVerma B.N.
_91154
100 _aPrasad,Prem Kumar
_91155
100 _aSahu K.K.
_91156
245 _aMushrooms: Edible and Medicinal- Cultivation, Conservation, Strain Improvvvvement with their Marketing
260 _aNew Delhi
_bDaya Publishing House- Astral International Pvt. Ltd.
_c2013
300 _a431
942 _cBK
999 _c14659
_d14659